00585nam a2200181Ia 4500008004100000020002900041040001900070041001200089082002800101100001800129245008100147260003500228300002200263504005000285650002000335651002700355850002100382140110s9999 xx 000 0 und d a9780141001432cRs.550.00 aLoreto College aEnglish a954.02/ERAbLCLIB/49176 aEraly,Abraham aEmperors of the peacock thronebThe saga of the great mughalscAbraham Eraly aNew DelhibPenguin Booksc2000 axviii,555p c22cm aIncludes bibliographical references and index aMughals-History aIndia-History-Medieval aLCLIB/954.02/ERA